NATO Countries - Statistics

General Stats
  • This quiz has been taken 34 times
  • The average score is 26 of 29
Answer Stats
Answer % Correct
France
97%
Portugal
97%
Denmark
94%
Germany
94%
Norway
94%
Poland
94%
Spain
94%
United Kingdom
94%
United States of America
94%
Belgium
91%
Bulgaria
91%
Canada
91%
Czech Republic
91%
Hungary
91%
Latvia
91%
Netherlands
91%
Estonia
88%
Greece
88%
Italy
88%
Lithuania
88%
Slovenia
88%
Croatia
85%
Luxembourg
85%
Romania
85%
Slovakia
85%
Iceland
82%
Albania
79%
Turkey
79%
Montenegro
67%
No matching quizzes found
Score Distribution
Percent of People with Each Score
Percentile by Number Answered
Your Score History
You have not taken this quiz